[Event "HCL-C151"]
[Site "www.playchess.de"]
[Date "2001.02.08"]
[Round "19"]
[White "lsoule"]
[Black "Pocman"]
[WhiteElo "599"]
[BlackElo "800"]
[PlyCount "44"]
[Result "0-1"]

1.d4 Nf6 2.c4 g6 3.Nc3 Bg7 4.e4 d6 5.Be2 O-O 6.Bg5 
h6 7.Bxf6 Bxf6 8.Nf3 Bg7 9.O-O Nd7 10.Qd2 e5 11.d5 
f5 12.exf5 gxf5 13.g3 f4 14.Ne4 Nf6 15.Nxf6+ Qxf6 
16.b4 Bh3 17.Rfc1 fxg3 18.hxg3 e4 19.Bf1 Bxf1 
20.Kxf1 Qxf3 21.Rab1 e3 22.Qe2 
Qh1+ 0-1

[Event "HCL-B150"]
[Site "www.playchess.de"]
[Date "2001.02.08"]
[Round "1"]
[White "Fabian"]
[Black "Nils"]
[WhiteElo "1200"]
[BlackElo "1707"]
[PlyCount "36"]
[Result "0-1"]

1.d4 Nf6 2.c4 g6 3.Nc3 Nc6 4.Nf3 d5 5.cxd5 Nxd5 
6.e4 Nxc3 7.bxc3 Bg7 8.Bc4 O-O 9.e5 Bf5 10.O-O Qd7 
11.a3 a6 12.Ba2 b5 13.Re1 Rad8 14.Bg5 Be6 15.Bxe6 
Qxe6 16.Nd2 h6 17.Bh4 Rd5 18.c4 
Rxd4 0-1

[Event "HCL-C161"]
[Site "www.playchess.de"]
[Date "2001.02.08"]
[Round "1"]
[White "Buziness"]
[Black "Zooey"]
[WhiteElo "1000"]
[BlackElo "1601"]
[PlyCount "66"]
[Result "0-1"]

1.e4 e5 {Hello ...}  2.Qh5 Nc6 3.Bc4 g6 4.Qf3 Nf6 
5.Nc3 Nd4 6.Qd3 d6 7.Nf3 Ne6 8.Nd5 Nxd5 9.exd5 Nf4 
10.Qe3 Nxg2+ 11.Kf1 Nxe3+ 12.dxe3 Bh3+ 13.Ke1 Bg2 
14.Bb5+ c6 15.dxc6 Qa5+ 16.Nd2 Qxb5 17.Rg1 Qxc6 
18.c3 Bh6 19.a4 O-O-O 20.b4 Qxc3 21.Rb1 Bf3 22.Rg3 
e4 23.Bb2 Qd3 24.Rc1+ Kb8 25.Nxf3 exf3 26.Rxf3 
Rdc8 27.Rd1 Qe4 28.Rxf7 Qxb4+ 29.Rd2 Rc2 30.Bxh8 
Qxd2+ {looks like you're mated in 3 moves 
31:Kf1-Qd1+ 32:Kg2-Qg4+ followed by my rook to 
c1mate.Am I right?}  31.Kf1 Qd1+ 32.Kg2 Qg4+ 
33.Kf1 Rc1+ 0-1

[Event "ACL-A081"]
[Site "www.playchess.de"]
[Date "2001.02.08"]
[Round "15"]
[White "liero"]
[Black "Player"]
[WhiteElo "1367"]
[BlackElo "1746"]
[PlyCount "35"]
[Result "1-0"]

1.e4 c5 2.Nc3 d6 3.d3 Nf6 4.Nf3 e6 5.g3 Be7 6.Bg2 
O-O 7.O-O Nc6 8.a3 Bd7 9.Ne2 Rc8 10.c3 Qa5 11.Bd2 
Qb5 12.b4 Qxd3 13.Nf4 Qb5 14.bxc5 Qxc5 15.Nd3 Qb6 
16.Be3 Qa5 17.Qc2 Nxe4 18.Rfc1 1-0

[Event "HCL-B157"]
[Site "www.playchess.de"]
[Date "2001.02.08"]
[Round "3"]
[White "iq160"]
[Black "paard"]
[WhiteElo "998"]
[BlackElo "1521"]
[PlyCount "29"]
[Result "1-0"]

1.e4 e5 2.Nf3 Nc6 3.Bc4 Bc5 4.b4 Bxb4 5.c3 Ba5 
6.Qb3 Qf6 7.O-O Nge7 8.d4 exd4 9.cxd4 d6 10.Bg5 
Qg6 11.d5 Nd4 12.Nxd4 Qxg5 13.Qb5+ c6 14.dxc6 bxc6 
15.Qxg5 {you are divorced}  1-0

[Event "HCL-B153"]
[Site "www.playchess.de"]
[Date "2001.02.08"]
[Round "21"]
[White "Jeff_Foster"]
[Black "class58"]
[WhiteElo "1328"]
[BlackElo "1763"]
[PlyCount "23"]
[Result "1/2-1/2"]

1.d4 d5 2.c4 dxc4 3.Nf3 f6 4.Nc3 c6 5.e3 Bg4 
6.Bxc4 Na6 7.Qb3 e6 8.Qxb7 Nb4 9.O-O Rb8 10.Qxa7 
Ra8 11.Qb7 Rb8 12.Qa7 {Since I don't want to lose 
my Queen, and you have a perpetual attack on it - 
would you like a draw?}  1/2-1/2

[Event "HCL-A073"]
[Site "www.playchess.de"]
[Date "2001.02.08"]
[Round "12"]
[White "markjburden"]
[Black "peze"]
[WhiteElo "1368"]
[BlackElo "1966"]
[PlyCount "26"]
[Result "0-1"]

1.d4 Nf6 2.c4 {hi and good luck}  e6 {Good luck!}  
3.a3 d5 4.c5 b6 5.b4 a5 6.bxa5 bxc5 7.dxc5 Bxc5 
8.Bd2 Ne4 9.e3 Qf6 10.Nf3 Qxa1 11.Bb4 Bxb4+ 
12.axb4 Qb2 13.Bd3 Qxf2+ 0-1

[Event "HCL-C177"]
[Site "www.playchess.de"]
[Date "2001.02.08"]
[Round "9"]
[White "craigsadler"]
[Black "patzer"]
[WhiteElo "354"]
[BlackElo "1000"]
[PlyCount "39"]
[Result "1-0"]

1.e4 c5 2.Nf3 d6 3.d4 cxd4 4.Nxd4 Nf6 5.Nc3 a6 
6.Bc4 e6 7.Bb3 Be7 8.O-O O-O 9.f4 Bd7 10.e5 Ne8 
11.Be3 Nc6 12.Nf3 Rc8 13.Ne4 d5 14.Neg5 Nb4 15.c3 
Nc6 16.Bc2 Qa5 17.Nxh7 Nc7 18.Nxf8 Bxf8 19.Ng5 Be7 
20.Qh5 1-0

[Event "HCL-A075"]
[Site "www.playchess.de"]
[Date "2001.02.08"]
[Round "19"]
[White "malkawi2000"]
[Black "hisamawi_s"]
[WhiteElo "1700"]
[BlackElo "1700"]
[PlyCount "22"]
[Result "1/2-1/2"]

1.e4 e5 {hiii}  2.Nf3 Nc6 3.Bc4 Bc5 {hisamawi_s}  
4.Nc3 Nf6 5.d3 h6 {hi ya teezee}  6.h3 d6 7.Na4 g5 
8.Nxc5 dxc5 9.Bb5 Qd6 {no hi}  10.Bxc6+ {ahbal}  
bxc6 {you die}  11.Be3 Rb8 1/2-1/2

[Event "HCL-B066"]
[Site "www.playchess.de"]
[Date "2001.02.08"]
[Round "1"]
[White "flywheel"]
[Black "chessape"]
[WhiteElo "895"]
[BlackElo "1329"]
[PlyCount "48"]
[Result "0-1"]

1.e4 e6 2.Nf3 d5 3.e5 c5 4.Bb5+ Bd7 5.Bxd7+ Qxd7 
6.d4 Nc6 7.Bg5 cxd4 8.Nxd4 Be7 9.Qg4 Nxd4 10.Na3 
Qa4 11.Bxe7 Nxc2+ 12.Nxc2 Qxg4 13.Bd6 Qxg2 
14.O-O-O g6 15.Ne3 Qxf2 16.Nc2 Rc8 17.Rd2 Qb6 
18.b4 Ne7 19.Re1 Nf5 20.Bc5 Rxc5 21.bxc5 Qxc5 
22.Kb2 Kd7 23.a3 Rc8 24.Nb4 Qc3+ 0-1

[Event "HCL-B066"]
[Site "www.playchess.de"]
[Date "2001.02.08"]
[Round "2"]
[White "wiseguy"]
[Black "flywheel"]
[WhiteElo "1500"]
[BlackElo "895"]
[PlyCount "68"]
[Result "1-0"]

1.e4 e5 2.Nf3 Nc6 3.Bc4 Nf6 4.Ng5 d5 5.exd5 Na5 
6.Bb5+ c6 7.dxc6 bxc6 8.Qf3 Bb7 9.Bd3 c5 10.Bb5+ 
Ke7 11.Qe2 Qc7 12.f4 Nc6 13.Bxc6 Bxc6 14.fxe5 Nd7 
15.e6 Ne5 16.Nxf7 Nxf7 17.exf7+ Kd8 18.O-O Bd6 
19.Qh5 c4 20.d4 cxd3 21.e.p cxd3 22.Qb6+ Kh1 
23.Qd4 Nc3 24.h6 Qg6 25.Kc7 Ne4 26.Be5 Bd2 27.Bxe4 
dxe4 28.Qd6 Ba5+ 29.Kb7 Qxd6 30.Bxd6 Bc3 31.Bxh2 
Kxh2 32.Rhd8 Bxg7 33.Rd7 f8Q 34.Rxf8 
Bxf8 1-0

[Event "HCL-B066"]
[Site "www.playchess.de"]
[Date "2001.02.08"]
[Round "3"]
[White "chessape"]
[Black "wiseguy"]
[WhiteElo "1329"]
[BlackElo "1500"]
[PlyCount "52"]
[Result "0-1"]

1.e4 c5 2.Nf3 d6 3.d4 cxd4 4.Qxd4 Bd7 5.Bc4 Nc6 
6.Qd1 Nf6 7.Nc3 g6 8.O-O Bg7 9.Re1 O-O 10.Bg5 a6 
11.Qd2 b5 12.Bb3 Bg4 13.Qe3 Rc8 14.Rad1 b4 15.Na4 
Qa5 16.h3 Bxf3 17.Qxf3 Qxg5 18.Nb6 Rc7 19.Qe3 Qxe3 
20.Rxe3 Rb8 21.Nc4 Nd7 22.c3 bxc3 23.bxc3 Nce5 
24.Nxe5 Bxe5 25.c4 Nb6 26.g3 Nxc4 0-1

[Event "HCL-B066"]
[Site "www.playchess.de"]
[Date "2001.02.08"]
[Round "4"]
[White "flywheel"]
[Black "Gruhni"]
[WhiteElo "895"]
[BlackElo "1449"]
[PlyCount "53"]
[Result "1-0"]

1.d4 d5 2.Nc3 Bf5 3.Bg5 f6 4.Bh4 e6 5.e3 Bb4 
6.Bb5+ c6 7.Ba4 b5 8.Bb3 h5 9.Nf3 Nd7 10.O-O g5 
11.a3 Bxc3 12.bxc3 Bg4 13.Bg3 Nb6 14.h4 Ne7 15.Qd3 
Bf5 16.e4 Bxe4 17.Qe2 Nf5 18.hxg5 fxg5 19.Be5 Rh7 
20.Nd2 Nh4 21.Nxe4 dxe4 22.Qxe4 Qd7 23.Bxe6 Qxe6 
24.Qxh7 Qg4 25.Bg3 Nf5 26.Rfe1+ Kd8 
27.Qc7+ 1-0

[Event "HCL-B066"]
[Site "www.playchess.de"]
[Date "2001.02.08"]
[Round "5"]
[White "Gruhni"]
[Black "chessape"]
[WhiteElo "1449"]
[BlackElo "1329"]
[PlyCount "37"]
[Result "1-0"]

1.e4 e6 2.d4 d5 3.e5 c5 4.Be3 Qb6 5.b3 Nc6 6.c3 
cxd4 7.cxd4 Nge7 8.Nf3 Nf5 9.Be2 g6 10.O-O Nxe3 
11.fxe3 Bh6 12.Qd3 Bd7 13.e4 dxe4 14.Qxe4 Rd8 
15.Qh4 Be3+ 16.Kh1 Bxd4 17.Nxd4 Nxd4 18.Qf6 Rg8 
19.Qxf7+ 1-0

[Event "HCL-B066"]
[Site "www.playchess.de"]
[Date "2001.02.08"]
[Round "6"]
[White "wiseguy"]
[Black "Gruhni"]
[WhiteElo "1500"]
[BlackElo "1449"]
[PlyCount "47"]
[Result "1-0"]

1.e4 e5 2.Nf3 Nc6 3.d4 exd4 4.Bc4 h6 5.Nxd4 Bc5 
6.Bxf7+ Kxf7 7.Qh5+ g6 8.Qxc5 d6 9.Qd5+ Ke7 
10.Nxc6+ bxc6 11.Qxc6 Be6 12.Nc3 Nf6 13.O-O Qd7 
14.Qxd7+ Kxd7 15.b3 Rhf8 16.Ba3 Rf7 17.Rad1 Raf8 
18.f3 Kc8 19.e5 Ne8 20.Ne4 Bf5 21.exd6 Bxe4 22.d7+ 
Kd8 23.dxe8Q+ Kxe8 24.Rfe1 1-0

[Event "HCL-B066"]
[Site "www.playchess.de"]
[Date "2001.02.08"]
[Round "11"]
[White "flywheel"]
[Black "Jonno"]
[WhiteElo "895"]
[BlackElo "1107"]
[PlyCount "54"]
[Result "0-1"]

1.e4 e5 2.Nf3 d6 3.Bb5+ Nd7 4.d3 Ngf6 5.Bg5 g6 
6.Nc3 c6 7.Ba4 b5 8.Bb3 h6 9.Bxf6 Qxf6 10.d4 b4 
11.dxe5 dxe5 12.Na4 Ba6 13.c4 c5 14.O-O Rd8 15.Qd5 
Nb6 16.Qxe5+ Qxe5 17.Nxe5 Rd2 18.Nxb6 axb6 19.Ba4+ 
Ke7 20.Nc6+ Ke6 21.b3 Bg7 22.e5 Bb7 23.f4 Rc8 
24.Na7 Rxg2+ 25.Kh1 Rg4+ 26.Nc6 Rxc6 27.Rad1 
Rd6+ 0-1

[Event "HCL-B066"]
[Site "www.playchess.de"]
[Date "2001.02.08"]
[Round "12"]
[White "Jonno"]
[Black "chessape"]
[WhiteElo "1107"]
[BlackElo "1329"]
[PlyCount "40"]
[Result "0-1"]

1.e4 e6 2.d4 d5 3.Nc3 dxe4 4.Bf4 Bd7 5.Nxe4 Bc6 
6.Bd3 Nd7 7.Nf3 Ngf6 8.Nxf6+ Nxf6 9.O-O Bd6 10.Qd2 
Bxf3 11.Bxd6 Qxd6 12.gxf3 O-O-O 13.c3 Qd5 14.Qf4 
Qh5 15.Rfe1 Nd5 16.Qg3 f5 17.Rxe6 f4 18.Qxg7 Rhg8 
19.Qxg8 Rxg8+ 20.Kf1 Qh3+ 0-1

[Event "HCL-B066"]
[Site "www.playchess.de"]
[Date "2001.02.08"]
[Round "13"]
[White "wiseguy"]
[Black "Jonno"]
[WhiteElo "1500"]
[BlackElo "1107"]
[PlyCount "51"]
[Result "1-0"]

1.e4 d6 2.d4 Nf6 3.Nc3 Nbd7 4.Nf3 e5 5.Bc4 h6 
6.dxe5 dxe5 7.Qe2 c6 8.Bd2 Qc7 9.O-O b5 10.Bd3 Be7 
11.a4 b4 12.Na2 Rb8 13.Rfd1 Nc5 14.Nxb4 Nxd3 
15.Nxd3 Ba6 16.Bc3 Nd7 17.Qe3 Bxd3 18.Rxd3 Bc5 
19.Rxd7 Qb6 20.Qd2 Bb4 21.Bxb4 Qxb4 22.Rd8+ Ke7 
23.Qd7+ Kf6 24.Qf5+ Ke7 25.Rd7+ Ke8 
26.Qxf7+ 1-0

[Event "HCL-B066"]
[Site "www.playchess.de"]
[Date "2001.02.08"]
[Round "14"]
[White "Jonno"]
[Black "Gruhni"]
[WhiteElo "1107"]
[BlackElo "1449"]
[PlyCount "54"]
[Result "0-1"]

1.e4 e5 2.Nf3 Nc6 3.Bc4 Bc5 4.c3 d6 5.d4 exd4 
6.cxd4 Bb6 7.Bg5 f6 8.Bf4 Bg4 9.Qb3 Nge7 10.O-O 
Qd7 11.Bf7+ Kd8 12.Rd1 Bxf3 13.Be6 Qe8 14.gxf3 
Nxd4 15.Qc4 Nxf3+ 16.Kh1 Qc6 17.Qxc6 Nxc6 18.Nc3 
Ncd4 19.Bd5 c6 20.Bc4 Ne5 21.Bxe5 fxe5 22.Rdg1 g6 
23.b4 Rf8 24.Raf1 Kc7 25.a4 Nf3 26.Rg2 Nd2 27.Ra1 
Nxc4 0-1

[Event "HCL-B066"]
[Site "www.playchess.de"]
[Date "2001.02.08"]
[Round "19"]
[White "Gruhni"]
[Black "Pelikan"]
[WhiteElo "1449"]
[BlackElo "1251"]
[PlyCount "46"]
[Result "0-1"]

1.e4 c5 2.Bc4 Nc6 3.Nf3 d6 4.Nc3 Nf6 5.d3 Bg4 6.h3 
Bh5 7.g4 Bg6 8.Nd5 Nd7 9.Bf4 e6 10.Ne3 b5 11.Bxb5 
Qa5+ 12.c3 Qxb5 13.Nc4 Nde5 14.a4 Qb8 15.O-O h5 
16.g5 h4 17.Nfxe5 dxe5 18.Be3 Bh5 19.f3 f6 20.gxf6 
gxf6 21.Kh2 Nd4 22.Bxd4 exd4+ 23.Kh1 
Qg3 0-1

[Event "HCL-C086"]
[Site "www.playchess.de"]
[Date "2001.02.08"]
[Round "5"]
[White "donkey"]
[Black "nikk"]
[WhiteElo "800"]
[BlackElo "1044"]
[PlyCount "47"]
[Result "1/2-1/2"]

1.d4 Nf6 2.c4 e6 3.Nc3 Bb4 4.Qc2 O-O 5.Nf3 b6 6.e3 
Bb7 7.Be2 Ne4 8.O-O Bxc3 9.bxc3 f5 10.Ne5 c5 11.f3 
Nf6 12.Rd1 d6 13.e4 Nbd7 14.Nxd7 Nxd7 15.d5 fxe4 
16.Qxe4 e5 17.Be3 h6 18.Bd3 Nf6 19.Qg6 Qe8 20.Qxe8 
Raxe8 21.Rde1 e4 22.fxe4 Nxe4 23.Rac1 Re7 
24.Bxh6 1/2-1/2

[Event "HCL-C086"]
[Site "www.playchess.de"]
[Date "2001.02.08"]
[Round "17"]
[White "nikk"]
[Black "Jester"]
[WhiteElo "1044"]
[BlackElo "1000"]
[PlyCount "36"]
[Result "0-1"]

1.e4 e5 2.Nf3 d6 3.Bc4 Nf6 4.Ng5 d5 5.exd5 Bc5 
6.d3 Bg4 7.f3 Bf5 8.Nc3 Bb4 9.d6 O-O 10.dxc7 Bxc3+ 
11.bxc3 Qxc7 12.Ba3 b5 13.Bxf8 bxc4 14.Ba3 cxd3 
15.Bb2 dxc2 16.Qe2 Qb6 17.Bc1 h6 18.Ne4 
Qb1 0-1

[Event "HCL-C086"]
[Site "www.playchess.de"]
[Date "2001.02.08"]
[Round "19"]
[White "donkey"]
[Black "Jester"]
[WhiteElo "800"]
[BlackElo "1000"]
[PlyCount "40"]
[Result "0-1"]

1.e4 e5 2.Nf3 Nf6 3.Nc3 Bb4 4.Bc4 d6 5.O-O Bxc3 
6.dxc3 Nbd7 7.Bg5 O-O 8.Bxf6 Qxf6 9.Qe2 Nb6 10.Nd2 
Qg5 11.f3 Na4 12.f4 exf4 13.Nf3 Qc5+ 14.Kh1 Nxb2 
15.Bb3 a5 16.a4 b6 17.Nd4 Ba6 18.Nb5 c6 19.c4 cxb5 
20.cxb5 Bb7 0-1

[Event "HCL-C093"]
[Site "www.playchess.de"]
[Date "2001.02.08"]
[Round "1"]
[White "dakini"]
[Black "peetoom"]
[WhiteElo "1000"]
[BlackElo "1000"]
[PlyCount "35"]
[Result "1-0"]

1.e4 e5 2.Nf3 Nc6 3.Bc4 Bc5 4.d3 Nf6 5.Nc3 d6 
6.Be3 Bb6 7.Qd2 Be6 8.Bb3 Ba5 9.O-O O-O 10.Bxe6 
fxe6 11.a3 d5 12.b4 Bxb4 13.axb4 d4 14.b5 dxe3 
15.fxe3 Nb4 16.Nd1 Qd6 17.Nf2 Rfd8 
18.d4 1-0

[Event "HCL-C093"]
[Site "www.playchess.de"]
[Date "2001.02.08"]
[Round "2"]
[White "Stefan"]
[Black "dakini"]
[WhiteElo "1000"]
[BlackElo "1000"]
[PlyCount "56"]
[Result "0-1"]

1.e4 e5 2.d4 exd4 3.c3 dxc3 4.Bc4 cxb2 5.Bxb2 Nc6 
6.Nf3 Bb4+ 7.Nc3 Nf6 8.O-O O-O 9.e5 Bxc3 10.Bxc3 
Ne4 11.Bb2 Nc5 12.Qc2 Qe7 13.h4 h6 14.Bc3 b6 
15.Rfe1 Ba6 16.Bxa6 Nxa6 17.Re4 Nc5 18.Rg4 Qe6 
19.Rg3 Rfe8 20.Re1 Qc4 21.Re3 Re6 22.h5 Rae8 
23.Nh2 Nd4 24.Qd2 Nf5 25.Rg4 Nxe3 26.Rxc4 Nxc4 
27.Qf4 Nxe5 28.Qg3 Ne4 0-1

[Event "HCL-C093"]
[Site "www.playchess.de"]
[Date "2001.02.08"]
[Round "3"]
[White "peetoom"]
[Black "Stefan"]
[WhiteElo "1000"]
[BlackElo "1000"]
[PlyCount "64"]
[Result "0-1"]

1.d4 d6 2.Nf3 Nf6 3.g3 g6 4.Bg2 Bg7 5.c4 O-O 6.O-O 
Nbd7 7.Nc3 e5 8.dxe5 dxe5 9.Qc2 Re8 10.Bg5 h6 
11.Be3 Qe7 12.Nd5 Nxd5 13.cxd5 Nb6 14.Bc5 Bf5 
15.Qc1 Qf6 16.Nh4 Bg4 17.f3 Bd7 18.f4 e4 19.e3 
Nxd5 20.Bd4 Qc6 21.Qd2 Nf6 22.Rac1 Qd6 23.Qc3 Nd5 
24.Qd2 c6 25.Bxg7 Kxg7 26.Qd4+ Qf6 27.Qd2 Rad8 
28.Rc4 Nb6 29.Rd4 Bc8 30.Rxd8 Rxd8 31.Qc2 Nd5 
32.Rd1 Nxe3 0-1

[Event "HCL-C093"]
[Site "www.playchess.de"]
[Date "2001.02.08"]
[Round "4"]
[White "dakini"]
[Black "muggel"]
[WhiteElo "1000"]
[BlackElo "1314"]
[PlyCount "45"]
[Result "1-0"]

1.e4 c5 2.Nf3 e6 3.Nc3 Nc6 4.Bb5 a6 5.Bxc6 bxc6 
6.e5 f6 7.d3 Bb7 8.O-O fxe5 9.Nxe5 Nf6 10.Bg5 d6 
11.Ng4 Be7 12.Re1 e5 13.Ne4 Nxe4 14.Bxe7 Qxe7 
15.dxe4 O-O 16.Re3 Rad8 17.Qe2 h5 18.Rh3 hxg4 
19.Qxg4 Bc8 20.Qh4 Bxh3 21.Qxe7 Bd7 22.Qxd6 Bg4 
23.Qxe5 1-0

[Event "HCL-C093"]
[Site "www.playchess.de"]
[Date "2001.02.08"]
[Round "6"]
[White "Stefan"]
[Black "muggel"]
[WhiteElo "1000"]
[BlackElo "1314"]
[PlyCount "47"]
[Result "1-0"]

1.e4 c5 2.d4 cxd4 3.c3 dxc3 4.Nxc3 Nc6 5.Nf3 e6 
6.Bc4 Bb4 7.Qd3 d6 8.O-O b6 9.a3 Bxc3 10.Qxc3 Nf6 
11.Rd1 Nxe4 12.Qxg7 Qf6 13.Qxf6 Nxf6 14.Rxd6 Bb7 
15.Bb5 Rd8 16.Rxd8+ Kxd8 17.Bg5 Ke7 18.Rc1 Rc8 
19.Nd2 a6 20.Bxc6 Rxc6 21.Rxc6 Bxc6 22.Nc4 b5 
23.Ne5 Bd5 24.Ng4 1-0

[Event "HCL-C093"]
[Site "www.playchess.de"]
[Date "2001.02.08"]
[Round "8"]
[White "peetoom"]
[Black "soymilk"]
[WhiteElo "1000"]
[BlackElo "1092"]
[PlyCount "36"]
[Result "0-1"]

1.d4 Nf6 2.c4 e6 3.Nc3 Bb4 4.e3 O-O 5.Bd3 c5 6.Nf3 
b6 7.O-O Bb7 8.d5 Bxc3 9.bxc3 exd5 10.cxd5 Nxd5 
11.Qc2 Nf6 12.Ng5 g6 13.e4 d6 14.f4 Nbd7 15.c4 Qe7 
16.f5 Rae8 17.fxg6 fxg6 18.Bb2 
Nxe4 0-1

[Event "HCL-B071"]
[Site "www.playchess.de"]
[Date "2001.02.08"]
[Round "1"]
[White "peze"]
[Black "Stephen21"]
[WhiteElo "1200"]
[BlackElo "1500"]
[PlyCount "56"]
[Result "1-0"]

1.c4 e6 2.Nc3 Nf6 3.g3 g6 4.Bg2 Bg7 5.d4 c6 6.Nf3 
O-O 7.O-O d5 8.b3 Nbd7 9.Bb2 a6 10.c5 b5 11.cxb6 
e.p 12.Qxb6 Rc1 13.a5 Na4 14.Qb4 Rxc6 15.Ne4 Qd3 
16.Ndf6 Ne5 17.Ng4 Nxg4 18.Bd7 Rb6 19.Qe7 Rb1 
20.Rfb8 Rxb8+ 21.Rxb8 Nc3 22.Qb4 Bxe4 23.dxe4 Nxe4 
24.Qe7 d5 25.Bxb2 Rxb2 26.Kf8 d6 27.Qd8 Qc3 28.Rc8 
Qh8+ 1-0

[Event "HCL-B071"]
[Site "www.playchess.de"]
[Date "2001.02.08"]
[Round "2"]
[White "paule"]
[Black "peze"]
[WhiteElo "1705"]
[BlackElo "1200"]
[PlyCount "68"]
[Result "1/2-1/2"]

1.e4 c5 2.c3 Nf6 3.e5 Nd5 4.d4 cxd4 5.cxd4 d6 
6.Nf3 Nc6 7.Bc4 Nb6 8.Bb5 dxe5 9.Nxe5 Bd7 10.Nxd7 
Qxd7 11.Nc3 e6 12.Qg4 h5 13.Qf3 a6 14.Bxc6 Qxc6 
15.Qxc6+ bxc6 16.Be3 Nd5 17.Nxd5 cxd5 18.Rc1 Bd6 
19.Ke2 Kd7 20.h3 Rhc8 21.Rxc8 Rxc8 22.Rc1 Rxc1 
23.Bxc1 Kc6 24.Kd3 f6 25.g4 hxg4 26.hxg4 e5 27.f3 
g6 28.b3 Kd7 29.a4 Kc6 30.Bd2 Bc7 31.b4 Bd6 32.g5 
fxg5 33.dxe5 Bxe5 34.Bxg5 Bd6 1/2-1/2

[Event "HCL-B071"]
[Site "www.playchess.de"]
[Date "2001.02.08"]
[Round "3"]
[White "Stephen21"]
[Black "paule"]
[WhiteElo "1500"]
[BlackElo "1705"]
[PlyCount "30"]
[Result "0-1"]

1.e3 e5 2.g3 d5 3.d4 Nc6 4.Bg2 e4 5.Ne2 Bg4 6.O-O 
Qd7 7.Qd2 O-O-O 8.c3 h5 9.h4 g5 10.hxg5 h4 11.Nf4 
h3 12.Re1 hxg2 13.Nxg2 Bf3 14.Nh4 Qh3 15.Nxf3 
Qh1+ 0-1

[Event "HCL-B071"]
[Site "www.playchess.de"]
[Date "2001.02.08"]
[Round "4"]
[White "peze"]
[Black "ric70"]
[WhiteElo "1200"]
[BlackElo "1595"]
[PlyCount "39"]
[Result "1-0"]

1.c4 Nf6 2.Nc3 e5 3.g3 Nc6 4.Bg2 Bb4 5.Nd5 Bc5 
6.e3 O-O 7.Ne2 Re8 8.O-O Nxd5 9.cxd5 Nb4 10.d4 
exd4 11.a3 dxe3 12.axb4 exf2+ 13.Kh1 Bxb4 14.Rxf2 
d6 15.Rf4 Bc5 16.Nc3 a6 17.Ne4 Bb6 18.Qh5 Qd7 
19.Bd2 g6 20.Nf6+ 1-0

[Event "HCL-B071"]
[Site "www.playchess.de"]
[Date "2001.02.08"]
[Round "5"]
[White "ric70"]
[Black "Stephen21"]
[WhiteElo "1595"]
[BlackElo "1500"]
[PlyCount "79"]
[Result "1-0"]

1.d4 d5 2.c4 c6 3.Nf3 g6 4.e3 Bg7 5.Nc3 Nf6 6.Qb3 
O-O 7.Bd2 a6 8.Rc1 Nbd7 9.cxd5 cxd5 10.Nxd5 Ne4 
11.Bb4 Nd6 12.Qa3 a5 13.Nxe7+ Qxe7 14.Bxd6 Qe4 
15.Bxf8 Bxf8 16.Qd3 Bb4+ 17.Nd2 Qxd3 18.Bxd3 Nf6 
19.Ke2 b6 20.Nc4 Ba6 21.Nxb6 Bxd3+ 22.Kxd3 Rb8 
23.Rc6 Ng4 24.Ke2 h5 25.Rhc1 Kg7 26.h3 Nf6 27.Rxf6 
Kxf6 28.Nd7+ Ke6 29.Nxb8 Kd5 30.Nc6 f5 31.Nxa5 Ke4 
32.Nc6 Bd6 33.a4 g5 34.a5 g4 35.a6 f4 36.a7 f3+ 
37.gxf3+ gxf3+ 38.Ke1 Bg3 39.a8Q Kd3 
40.Nb4+ 1-0

[Event "HCL-B071"]
[Site "www.playchess.de"]
[Date "2001.02.08"]
[Round "7"]
[White "msmsk"]
[Black "peze"]
[WhiteElo "1448"]
[BlackElo "1200"]
[PlyCount "88"]
[Result "0-1"]

1.b4 e6 2.Bb2 Nf6 3.b5 d5 4.e3 c5 5.c4 Be7 6.Nf3 
O-O 7.Be2 Nbd7 8.O-O b6 9.a4 Bb7 10.d4 Ne4 11.Nc3 
cxd4 12.Nxe4 dxe4 13.Nxd4 Qc7 14.a5 bxa5 15.Qd2 
Bd6 16.h3 Bb4 17.Bc3 Nc5 18.Bxb4 axb4 19.Qxb4 a5 
20.Qb1 a4 21.Ra3 e5 22.Nf5 Rfd8 23.b6 Qd7 24.Bg4 
Qe8 25.Qb5 Qxb5 26.cxb5 Rd3 27.Rfa1 Kf8 28.Be2 
Rxa3 29.Rxa3 Bd5 30.Bd1 Rd8 31.Ra1 g6 32.Ng3 Bb3 
33.Be2 Ke7 34.f3 exf3 35.gxf3 Rb8 36.Rc1 Kd6 
37.Ne4+ Nxe4 38.Rc6+ Kd5 39.fxe4+ Kxe4 40.Kf2 Kd5 
41.e4+ Kxe4 42.Rd6 a3 43.b7 a2 44.Ra6 
Kd4 0-1

[Event "HCL-B071"]
[Site "www.playchess.de"]
[Date "2001.02.08"]
[Round "8"]
[White "Stephen21"]
[Black "msmsk"]
[WhiteElo "1500"]
[BlackElo "1448"]
[PlyCount "44"]
[Result "0-1"]

1.e3 d5 2.d4 Nf6 3.Nf3 c5 4.c3 Nc6 5.g3 Bg4 6.Bg2 
Qd7 7.O-O O-O-O 8.Nbd2 h5 9.h4 e6 10.a3 g5 11.b4 
gxh4 12.Qa4 h3 13.Kh2 hxg2 14.Kxg2 e5 15.Rh1 e4 
16.Ne5 Nxe5 17.Qxd7+ Nexd7 18.dxc5 Ne5 19.c4 dxc4 
20.c6 c3 21.Nb3 Bf3+ 22.Kf1 Rd1+ 0-1

[Event "HCL-B071"]
[Site "www.playchess.de"]
[Date "2001.02.08"]
[Round "9"]
[White "msmsk"]
[Black "paule"]
[WhiteElo "1448"]
[BlackElo "1705"]
[PlyCount "58"]
[Result "0-1"]

1.b4 e5 2.Bb2 Bxb4 3.f4 exf4 4.Bxg7 Qh4+ 5.g3 fxg3 
6.Bg2 gxh2+ 7.Kf1 hxg1Q+ 8.Kxg1 Qg5 9.Bxh8 Nf6 
10.Bxf6 Qxf6 11.c3 h6 12.e4 Bd6 13.d4 Bf4 14.Qf3 
d6 15.Nd2 Qg5 16.Nc4 Bg4 17.Qf1 b5 18.Na5 Be3+ 
19.Kh2 Qh4+ 20.Bh3 b4 21.Qg2 Bxh3 22.Qxh3 Qxh3+ 
23.Kxh3 bxc3 24.Nb3 Nd7 25.Rae1 Bg5 26.Kg4 a5 
27.e5 dxe5 28.dxe5 a4 29.e6 Nf6+ 0-1

[Event "HCL-B071"]
[Site "www.playchess.de"]
[Date "2001.02.08"]
[Round "11"]
[White "peze"]
[Black "Arn"]
[WhiteElo "1200"]
[BlackElo "1500"]
[PlyCount "41"]
[Result "1-0"]

1.c4 e6 2.Nc3 Nf6 3.Nf3 d5 4.e3 Bd6 5.d4 O-O 6.Bd3 
Nc6 7.O-O b6 8.e4 Be7 9.e5 Nh5 10.g4 Nf4 11.Bxf4 
Bh4 12.g5 Nxd4 13.Nxd4 Bxg5 14.Nc6 Qd7 15.Bxg5 
Qxc6 16.cxd5 Qxd5 17.Nxd5 exd5 18.Qh5 g6 19.Qh6 
Re8 20.Bf6 Re6 21.Qg7+ 1-0

[Event "HCL-B071"]
[Site "www.playchess.de"]
[Date "2001.02.08"]
[Round "12"]
[White "Arn"]
[Black "Stephen21"]
[WhiteElo "1500"]
[BlackElo "1500"]
[PlyCount "63"]
[Result "1-0"]

1.e4 e6 2.Nc3 Nf6 3.Bc4 g6 4.Nf3 Bg7 5.d3 O-O 
6.O-O c6 7.h3 d5 8.Bg5 Qd6 9.Bb3 Nbd7 10.Qd2 b5 
11.Qe3 a5 12.e5 Qb4 13.exf6 Nxf6 14.Bxf6 Bxf6 
15.a3 Qd6 16.Ng5 a4 17.Bxd5 cxd5 18.Nxb5 Qb8 
19.Nd4 Qxb2 20.Rfb1 Qc3 21.Ne2 Qxc2 22.Rbc1 Qb2 
23.Rab1 Qxa3 24.h4 h5 25.Qf3 Kg7 26.g4 Ba6 27.gxh5 
Qxd3 28.h6+ Kxh6 29.Qxf6 Qxe2 30.Qf4 Kh5 31.Nh7 g5 
32.Qxg5+ 1-0

[Event "HCL-B071"]
[Site "www.playchess.de"]
[Date "2001.02.08"]
[Round "13"]
[White "paule"]
[Black "Arn"]
[WhiteElo "1705"]
[BlackElo "1500"]
[PlyCount "49"]
[Result "1-0"]

1.e4 e5 2.Nf3 Nc6 3.Bb5 a6 4.Ba4 b5 5.Bb3 Nf6 
6.O-O g6 7.Ng5 Qe7 8.Bxf7+ Qxf7 9.Nxf7 Kxf7 10.d3 
d6 11.f4 Bg4 12.Qd2 Bh6 13.Qc3 Nd4 14.Qxc7+ Nd7 
15.fxe5+ Kg7 16.Bxh6+ Kxh6 17.h3 Ne2+ 18.Kh2 Rhf8 
19.Rxf8 Rxf8 20.Qxd6 Rf4 21.Nc3 Rf2 22.hxg4 Nf4 
23.Kg3 Rxg2+ 24.Kxf4 Nf8 25.Qxf8+ 1-0

[Event "HCL-B071"]
[Site "www.playchess.de"]
[Date "2001.02.08"]
[Round "15"]
[White "msmsk"]
[Black "Arn"]
[WhiteElo "1448"]
[BlackElo "1500"]
[PlyCount "63"]
[Result "1-0"]

1.b4 e5 2.Bb2 Nc6 3.b5 Nd4 4.e3 Nxb5 5.Bxb5 c6 
6.Be2 d6 7.d3 Nf6 8.Nf3 g6 9.O-O Bg7 10.Nbd2 O-O 
11.c4 Qe7 12.a4 a5 13.Nb3 Bg4 14.h3 Bxf3 15.Bxf3 
d5 16.Ba3 Qe6 17.Bxf8 Bxf8 18.cxd5 cxd5 19.d4 Bd6 
20.Rb1 b6 21.dxe5 Qxe5 22.g3 Rc8 23.Nd4 h5 24.h4 
Ne4 25.Bxe4 Qxe4 26.Qf3 Qc2 27.Nxc2 Rxc2 28.Rxb6 
Be5 29.Qxd5 Bb2 30.Rb8+ Kg7 31.Qd8 Be5 
32.Qh8+ 1-0

[Event "HCL-C114"]
[Site "www.playchess.de"]
[Date "2001.02.08"]
[Round "1"]
[White "cueball"]
[Black "Frank_Bruno"]
[WhiteElo "1000"]
[BlackElo "1000"]
[PlyCount "87"]
[Result "1-0"]

1.e4 f6 2.Qf3 g6 3.Bb5 Bh6 4.Qb3 e6 5.Nc3 Ne7 
6.Na4 Nec6 7.Qc3 a6 8.Bxc6 bxc6 9.b3 Ke7 10.Bb2 
Bf4 11.Qxf6+ Kd6 12.Qxh8 Qxh8 13.Bxh8 g5 14.g3 Be5 
15.Bxe5+ Kxe5 16.d3 Bb7 17.Nf3+ Kf6 18.e5+ Kg6 
19.O-O c5 20.Nd2 Nc6 21.Nxc5 Bc8 22.Nce4 Nxe5 
23.f4 gxf4 24.Rxf4 d5 25.Rf6+ Kg7 26.d4 Nf7 
27.Raf1 dxe4 28.R6xf7+ Kh6 29.Rxc7 e3 30.Ne4 e2 
31.Re1 Rb8 32.Rxe2 Bb7 33.Nd6 Bf3 34.Rxe6+ Kg5 
35.Rxh7 Rf8 36.Rg7+ Kh5 37.Rh7+ Kg5 38.Nf7+ Kf5 
39.Rxa6 Ke4 40.Ng5+ Ke3 41.Nxf3 Rxf3 42.Kg2 Ke2 
43.Re7+ Re3 44.Rae6 1-0

[Event "HCL-C114"]
[Site "www.playchess.de"]
[Date "2001.02.08"]
[Round "4"]
[White "cueball"]
[Black "Dee"]
[WhiteElo "1000"]
[BlackElo "1000"]
[PlyCount "27"]
[Result "1-0"]

1.e4 d5 2.Nc3 dxe4 3.Nxe4 Bf5 4.Bc4 Bxe4 5.f3 Qd4 
6.Bb5+ c6 7.c3 Qd3 8.Bxd3 Bxd3 9.Nh3 e5 10.Ng5 h5 
11.Qb3 f6 12.Qf7+ Kd8 13.Ne6+ Kc8 
14.Qe8+ 1-0